000 00657nam a22001337a 4500
005 20241007104425.0
008 241007b |||||||| |||| 00| 0 eng d
100 _aFiguracion, Carolyn E.
_eauthor.
_962421
245 _aScience investigatory project (SIP) research plan :
_beffects of the water quality of three selected stations in san piro river at Sto. Tomas, Batangas on the survival rate of goldfish (carassiusauratus) /
_cCarolyn E. Figuracion.
260 _aPhilippines:
_bPublishers Association of the Philippines, Inc.,
_cMarch 2019.
300 _aVolume 66, pages 380-381.
700 _aFiguracion, Carolyn E.
_eauthor.
_962422
942 _2ddc
_cPER
999 _c22293
_d22293